| 000 | 01268nam a2200301 c 4500 | ||
|---|---|---|---|
| 999 |
_c470388 _d470388 |
||
| 003 | BLK | ||
| 005 | 20230315133831.0 | ||
| 008 | 180408b bul|||||r ||||||| ||bul|| | ||
| 020 | _a9795943714299 | ||
| 040 | _aBLK | ||
| 041 |
_aRUS _cRUS |
||
| 080 |
_aМексиканска литература _b821.134.2(720) _x-31 _z821.134.2(720)-31 |
||
| 100 | 1 |
_aРивера, Луис _eпърви автор _gАлексеев, Кирил Константинович _9294426 |
|
| 139 |
_aРивера, Луис _bР 58 |
||
| 245 | 1 | 0 |
_aЕсть только те, кто сражается _bЕзотерический роман _cЛуис Ривера |
| 260 |
_bНевский проспект _c2005 _aСанкт-Петербург |
||
| 300 |
_a192 с. _c17 см |
||
| 380 | _aX | ||
| 852 |
_bП _c821-31/Р 58 |
||
| 856 | 4 | _qpdf | |
| 856 | 4 | _qpdf | |
| 942 |
_cKNG _n0 _s1 _01 |
||
| 944 |
_aCR _c2022-08-15 _kнр |
||